[Event "Titled Tuesday intern op 16th Jul Late"]
[Site "Chess.com INT"]
[Date "2024.07.16"]
[Round "6"]
[White "Kalyani, Sirin"]
[Black "Jagirapu, Harshin Reddy"]
[Result "1-0"]
[WhiteElo "2107"]
[BlackElo "2040"]
[PlyCount "92"]
[EventDate "2024.07.16"]
[EventType "swiss (blitz)"]
[EventRounds "11"]
[EventCountry "USA"]
[SourceTitle "EXT 2025"]
[Source "ChessBase"]
[SourceDate "2024.10.14"]
[SourceVersion "1"]
[SourceVersionDate "2024.10.14"]
[SourceQuality "1"]

1. e4 c5 2. Nf3 d6 3. Bb5+ Nd7 4. 0-0 Ngf6 5. Re1 a6 6. Bf1 e6 7. c3 b5 8. d4 Be7 9. Nbd2 Bb7 10. Bd3 0-0 11. e5 dxe5 12. dxe5 Nd5 13. Ne4 c4 14. Bc2 h6 15. Ng3 Nc5 16. Nd4 Bg5 17. Qg4 b4 18. Nh5 g6 19. Nf4 bxc3 20. bxc3 Nxc3 21. Ndxe6 fxe6 22. Nxe6 Qd7 23. Qxc4 Qxe6 24. Qxc3 Rac8 25. Bxg5 hxg5 26. Qg3 g4 27. Rad1 Rcd8 28. Rxd8 Rxd8 29. Qe3 Qd5 30. Qg3 Qd2 31. Bb3+ Nxb3 32. Qxb3+ Bd5 33. Qb1 Bxa2 34. Qxg6+ Kf8 35. Qf6+ Ke8 36. Rf1 Bc4 37. e6 Bxe6 38. Qxe6+ Kf8 39. Qxg4 Rd7 40. Qf5+ Rf7 41. Qc8+ Kg7 42. Qxa6 Qg5 43. Qa1+ Kg6 44. Qd4 Rf6 45. h4 Kh6 46. hxg5+ Kxg5 1-0

[Event "Titled Tuesday intern op 02nd Jul Late"]
[Site "Chess.com INT"]
[Date "2024.07.02"]
[Round "9"]
[White "Alavkin, Arseny Nailievich"]
[Black "Jagirapu, Harshin Reddy"]
[Result "0-1"]
[WhiteElo "2367"]
[BlackElo "2040"]
[PlyCount "156"]
[EventDate "2024.07.02"]
[EventType "swiss (blitz)"]
[EventRounds "11"]
[EventCountry "USA"]
[SourceTitle "EXT 2025"]
[Source "ChessBase"]
[SourceDate "2024.10.14"]
[SourceVersion "1"]
[SourceVersionDate "2024.10.14"]
[SourceQuality "1"]

1. d4 Nf6 2. c4 e6 3. Nc3 Bb4 4. f3 c5 5. d5 b5 6. e4 bxc4 7. Bxc4 exd5 8. Bxd5 Nxd5 9. Qxd5 Nc6 10. Nge2 0-0 11. 0-0 Bb7 12. Qd1 Ba5 13. Be3 d6 14. Qd2 Qd7 15. Rfd1 Rfd8 16. Bxc5 Qe6 17. Bf2 Ne5 18. Nd4 Qg6 19. Kh1 Rac8 20. Nf5 Rc7 21. Rac1 Qh5 22. Bd4 Nxf3 23. gxf3 Qxf3+ 24. Qg2 Qxg2+ 25. Kxg2 Bxc3 26. Ng3 Ba5 27. Rxc7 Bxc7 28. Bxa7 Ra8 29. Rc1 Bd8 30. Bd4 Rxa2 31. Kf3 h6 32. Nf5 Ra4 33. Nxd6 Rxd4 34. Nxb7 Bg5 35. Rc3 Rb4 36. Nd6 Rxb2 37. Rc8+ Kh7 38. Nxf7 Bf6 39. e5 Bxe5 40. Rh8+ Kg6 41. Nxe5+ Kf5 42. Ng4 Rb3+ 43. Ne3+ Kg5 44. Rg8 g6 45. Rc8 Kh5 46. Rc5+ g5 47. Rc2 Ra3 48. Rg2 Rb3 49. Rd2 Ra3 50. Rd6 Rb3 51. Kf2 Rb2+ 52. Kg3 Rb3 53. Kf2 Rb2+ 54. Kg3 Rb3 55. Re6 Ra3 56. h3 Rb3 57. Kf2 Rb2+ 58. Kf3 Rb3 59. Ke2 Rb2+ 60. Kf3 Rb3 61. Re5 Ra3 62. Re4 Rb3 63. Kg3 Ra3 64. h4 gxh4+ 65. Rxh4+ Kg5 66. Rg4+ Kf6 67. Re4 h5 68. Kf4 Kg6 69. Re6+ Kf7 70. Rb6 Ra4+ 71. Kf3 h4 72. Ng4 Ra3+ 73. Kf2 h3 74. Rh6 Kg7 75. Rh4 Kg6 76. Ne3 h2 77. Kf3 Ra2 78. Rh3 Kg5 0-1

[Event "Titled Tuesday intern op 02nd Jul Late"]
[Site "Chess.com INT"]
[Date "2024.07.02"]
[Round "3"]
[White "Dziewonski, Dariusz"]
[Black "Jagirapu, Harshin Reddy"]
[Result "0-1"]
[WhiteElo "2248"]
[BlackElo "2040"]
[PlyCount "126"]
[EventDate "2024.07.02"]
[EventType "swiss (blitz)"]
[EventRounds "11"]
[EventCountry "USA"]
[SourceTitle "EXT 2025"]
[Source "ChessBase"]
[SourceDate "2024.10.14"]
[SourceVersion "1"]
[SourceVersionDate "2024.10.14"]
[SourceQuality "1"]

1. e4 c5 2. Nf3 d6 3. d4 cxd4 4. Nxd4 Nf6 5. Nc3 a6 6. f4 e5 7. Nb3 Nbd7 8. g4 h6 9. g5 hxg5 10. fxg5 Nh5 11. Qf3 Be7 12. Bc4 Nf4 13. Bxf4 exf4 14. Qxf4 Ne5 15. Rf1 0-0 16. g6 Nxc4 17. gxf7+ Kh8 18. Nd4 Bh4+ 19. Ke2 Qg5 20. Nd5 Bg4+ 21. Kd3 Ne5+ 22. Kc3 Rac8+ 23. Kb3 Rxf7 24. Qxg5 Bxg5 25. Rxf7 Nxf7 26. Rg1 Bh5 27. Ne6 Bh6 28. Rg3 Re8 29. Ndc7 Re7 30. Rc3 Bg4 31. Nd4 Ne5 32. Nd5 Re8 33. Rc7 Nf3 34. Rxb7 Nxd4+ 35. Kc4 Nxc2 36. Kd3 Ne1+ 37. Kd4 Nf3+ 38. Kd3 Ne5+ 39. Kd4 Rc8 40. Nc7 Bd7 41. Ra7 Nc6+ 42. Kd5 Nxa7 43. Kxd6 Bf4+ 44. Kxd7 Rxc7+ 45. Kd8 Rc2 46. b4 Be5 47. b5 axb5 48. a4 bxa4 49. h4 Rc7 50. h5 Nc6+ 51. Ke8 Re7+ 52. Kf8 Bd6 53. h6 Rxe4+ 54. Kf7 Nd8+ 55. Kg6 Re6+ 56. Kf5 gxh6 57. Kg4 h5+ 58. Kxh5 a3 59. Kg5 a2 60. Kf5 a1Q 61. Kg5 Qf6+ 62. Kh5 Qf5+ 63. Kh4 Rh6# 0-1

[Event "Titled Tuesday intern op 02nd Jul Late"]
[Site "Chess.com INT"]
[Date "2024.07.02"]
[Round "4"]
[White "Shapiro, Viktor"]
[Black "Jagirapu, Harshin Reddy"]
[Result "0-1"]
[WhiteElo "2074"]
[BlackElo "2040"]
[PlyCount "72"]
[EventDate "2024.07.02"]
[EventType "swiss (blitz)"]
[EventRounds "11"]
[EventCountry "USA"]
[SourceTitle "EXT 2025"]
[Source "ChessBase"]
[SourceDate "2024.10.14"]
[SourceVersion "1"]
[SourceVersionDate "2024.10.14"]
[SourceQuality "1"]

1. c4 e5 2. Nc3 Nf6 3. g3 Bb4 4. Bg2 0-0 5. Nf3 Re8 6. 0-0 e4 7. Nd4 Nc6 8. Nc2 Bxc3 9. bxc3 d6 10. d3 a5 11. h3 Bf5 12. Rb1 Qc8 13. g4 Bg6 14. Bg5 Nd7 15. f4 exf3 16. Bxf3 h6 17. Bh4 Nde5 18. Bg2 Rb8 19. Nd4 Nxd4 20. cxd4 Nc6 21. Bf2 h5 22. e4 hxg4 23. hxg4 Nd8 24. Rb5 Ne6 25. Rxa5 Ra8 26. Rxa8 Qxa8 27. Qd2 c5 28. d5 Nd4 29. Bxd4 cxd4 30. Rb1 Re7 31. Rb6 Rd7 32. Qf2 Qa5 33. Rb3 Qc5 34. Kh2 Re7 35. Rb5 Qa7 36. Qxd4 Qxd4 0-1

[Event "Titled Tuesday intern op 25th Jun Late"]
[Site "Chess.com INT"]
[Date "2024.06.25"]
[Round "10"]
[White "Sevgi, Volkan"]
[Black "Jagirapu, Harshin Reddy"]
[Result "0-1"]
[WhiteElo "2332"]
[BlackElo "2029"]
[PlyCount "140"]
[EventDate "2024.06.25"]
[EventType "swiss (blitz)"]
[EventRounds "11"]
[EventCountry "USA"]
[SourceTitle "EXT 2025"]
[Source "ChessBase"]
[SourceDate "2024.10.14"]
[SourceVersion "1"]
[SourceVersionDate "2024.10.14"]
[SourceQuality "1"]

1. e4 e5 2. Nc3 Nc6 3. g3 Nf6 4. Bg2 Bc5 5. d3 d6 6. h3 h6 7. Nge2 0-0 8. Na4 Bb6 9. Nxb6 axb6 10. c4 Ne7 11. 0-0 Ng6 12. f4 exf4 13. Nxf4 Nxf4 14. Bxf4 Be6 15. b3 Qd7 16. Kh2 c6 17. Bxh6 Ng4+ 18. hxg4 gxh6 19. Qd2 Kg7 20. Rf4 Qe7 21. Qc3+ Kh7 22. e5 d5 23. cxd5 cxd5 24. Rf6 Rg8 25. Qd2 Rg5 26. Raf1 Rag8 27. d4 R8g6 28. Bh3 Rg7 29. Qd3+ R7g6 30. R1f2 Kg7 31. Qf3 Kh7 32. Qd3 Kg7 33. a3 Qxa3 34. Qb5 Qe7 35. Qxb6 h5 36. gxh5 Rxh5 37. g4 Bxg4 38. Rxf7+ Qxf7 39. Rxf7+ Kxf7 40. Qxb7+ Kg8 41. Qxd5+ Kg7 42. Qb7+ Kh6 43. Kg3 Bc8+ 44. Kf4 Bxb7 45. Bf5 Rh4+ 46. Ke3 Rg3+ 47. Ke2 Rxd4 48. e6 Rd6 49. b4 Rg8 50. Ke3 Re8 51. Kf4 Rexe6 52. b5 Rf6 53. Ke5 Rxf5+ 54. Kxd6 Rxb5 55. Ke7 Rb1 56. Kf6 Rf1+ 57. Ke5 Kg7 58. Kd4 Be4 59. Ke5 Kf7 60. Kd4 Rd1+ 61. Ke3 Kf6 62. Kf4 Rf1+ 63. Ke3 Ke5 64. Kd2 Rf2+ 65. Ke3 Rf3+ 66. Ke2 Kd4 67. Kd2 Rf2+ 68. Ke1 Ke3 69. Kd1 Kd3 70. Ke1 Rf3 0-1